| 000 | 00481 a2200169 4500 | ||
|---|---|---|---|
| 001 | 132409 | ||
| 003 | OSt | ||
| 005 | 20211027122924.0 | ||
| 008 | |||
| 082 |
_a658.152 _bI6I |
||
| 245 | 1 |
_aInnovations in investment management _cedited by H. Gifford Fong |
|
| 260 |
_aNew Delhi _bViva Books _c2009 |
||
| 300 | _a223p. | ||
| 690 | _aPortfolio management; Investment analysis; Investments | ||
| 700 |
_aFong, H. Gifford _eEditor |
||
| 942 |
_2ddc _cBK |
||
| 999 |
_c6776 _d6776 |
||